Загрузка...
The Vikas Book of Modern Indian Love Poetry
| Главный автор: | |
|---|---|
| Формат: | Printed Book |
| Опубликовано: |
New Delhi:
Vikas Publishing House Pvt Ltd;
1979
|
| LEADER | 00452nam a22001337a 4500 | ||
|---|---|---|---|
| 020 | |a 0706907485 | ||
| 082 | |a 8A1.008 NAN | ||
| 100 | |a Nandy,Pritish Ed. | ||
| 245 | |a The Vikas Book of Modern Indian Love Poetry | ||
| 260 | |a New Delhi: |b Vikas Publishing House Pvt Ltd; |c 1979 | ||
| 300 | |a 120p. | ||
| 942 | |c BK | ||
| 999 | |c 306226 |d 306226 | ||
| 952 | |0 0 |1 0 |4 0 |6 8A1_008_000000000000000_NAN |7 0 |9 327239 |a ENG |b ENG |d 2020-10-23 |l 0 |o 8A1.008 NAN |p ENG9386 |r 2020-10-23 |w 2020-10-23 |y BK | ||